1255 1873 1768 1812 1734 1972 1910 1965 1960 1442 1038 1740 1434 1299 1197 1953 1103 1639 1721 1992 1276 1857 1149 1271 1884 1972 1311 1221 1059 1370 1467 1710 1149 1440 1799 1323 1395 1261 1001 1654 1245 1807 1336 1302 1549 1653 1996 1585 1711 1013 1458 1585 1517 1397 1377 1403 1676 1179 1238 1409 1152 1802 1425 1292 1412 1646 1643 1722 1076 1678 1170 1076 1290 1859 1736 1315 1329 1036 1503 1890 1634 1785 1766 1436 1627 1295 1194 1643 1626 1013 1769 1250 1446 1853 1615 1865 1277 1526 1156 BCNSPRNW ULIB Ver.6.0+V

เปลี่ยนเป็นภาษาไทย

Change to English
 แสดงรายละเอียดบรรณานุกรม
  กลับหน้าหลัก

Brief Record : Get Marc (ISO 2709) : E-mail record : QR code < ปิดหน้าต่าง
LEADER : 00000nam 2200000uu 4500
001    13399121569
003     ULIB
008    121123s2551||||th 000 0 tha d
020    ^a9789740321644
060 04 ^aWU101^bศ471ค
100 0  ^aศิริมา เพ็ชรดาชัย
245 10 ^aความรู้ด้านการเจริญเติบโตในวัยหนุ่มสาวลักษณะคางยื่นและการใช้เฟสมาสก์ =^bEssential knowledge of pubertal growth, mandibular prognathism and face mask /^cศิริมา เพ็ชรดาชัย
246 31 ^aEssential knowledge of pubertal growth, mandibularprognathism and face mask
260    ^a[กรุงเทพฯ] :^bภาควิชาทันตกรรมจัดฟัน คณะทันตแพทยศาสตร์จุฬาลงกรณ์มหาวิทยาลัย,^c[2551?]
300    ^aก-ฒ, 256, [108], xxvii หน้า :^bภาพประกอบ ;^c30 ซม.
650  7 ^aขากรรไกร^xการเจริญเติบโต
650  7 ^aกะโหลกศีรษะ^xการเจริญเติบโต
650  7 ^aใบหน้า^xการเจริญเติบโต
650  7 ^aหน้า^xการเจริญเติบโต
650  7 ^aทันตกรรมจัดฟัน
650  7 ^aภาวะคางยื่น
710 2  ^aจุฬาลงกรณ์มหาวิทยาลัย. ^bคณะทันตแพทยศาสตร์.^bภาควิชาทันตกรรมจัดฟัน
945    ^p520^l0^i15102
995    ^aวิภา
999 ^a ใช้งานได้ทุกระบบ
รายการนี้ยังไม่มีแท็ก
คุณยังไม่ได้ล็อกอิน คุณสามารถมีกิจกรรมร่วมกับเว็บไซต์ได้ แต่ต้องล็อกอินก่อน ::
  ล็อกอิน

รายการสื่อสารสนเทศ

ลำดับที่ ประเภท เลขเรียก/บาร์โค้ด สถานที่ สถานะ
- ไม่พบข้อมูล -

รายการใกล้เคียง
    ผู้แต่ง [ศิริมา เพ็ชรดาชัย]

    หัวเรื่อง [ทันตกรรมจัดฟัน]
    หัวเรื่อง [ภาวะคางยื่น]

BibComment


ยังไม่เคยถูกคอมเมนท์

คอมเมนท์ทรัพยากรรายการนี้
  คอมเมนท์: ความรู้ด้านการเจ..


 Copyright 2026. Bcnsprnw @Library